<?xml version="1.0" encoding="UTF-8"?>
<record
    xmlns:xsi="http://www.w3.org/2001/XMLSchema-instance"
    xsi:schemaLocation="http://www.loc.gov/MARC21/slim http://www.loc.gov/standards/marcxml/schema/MARC21slim.xsd"
    xmlns="http://www.loc.gov/MARC21/slim">

  <leader>02232nam a22002417a 4500</leader>
  <controlfield tag="003">NALT</controlfield>
  <controlfield tag="005">20240202084715.0</controlfield>
  <controlfield tag="008">240103b        th ||||| |||| 00| 0 tha d</controlfield>
  <datafield tag="040" ind1=" " ind2=" ">
    <subfield code="a">NALT</subfield>
  </datafield>
  <datafield tag="090" ind1=" " ind2=" ">
    <subfield code="a">&#xE2D;&#xE28;</subfield>
    <subfield code="b">&#xE1E;323&#xE2D; 2566</subfield>
  </datafield>
  <datafield tag="245" ind1="0" ind2="0">
    <subfield code="a">&#xE2D;&#xE19;&#xE38;&#xE2A;&#xE23;&#xE13;&#xE4C;&#xE07;&#xE32;&#xE19;&#xE1E;&#xE23;&#xE30;&#xE23;&#xE32;&#xE0A;&#xE17;&#xE32;&#xE19;&#xE40;&#xE1E;&#xE25;&#xE34;&#xE07;&#xE28;&#xE1E; &#xE1E;&#xE23;&#xE30;&#xE04;&#xE23;&#xE39;&#xE01;&#xE31;&#xE19;&#xE15;&#xE2A;&#xE35;&#xE25;&#xE32;&#xE20;&#xE23;&#xE13;&#xE4C; (&#xE2D;&#xE19;&#xE31;&#xE19;&#xE15;&#xE4C; &#xE01;&#xE19;&#xE3A;&#xE15;&#xE27;&#xE32;&#xE42;&#xE23;) :</subfield>
    <subfield code="b">&#xE2D;&#xE14;&#xE35;&#xE15;&#xE40;&#xE08;&#xE49;&#xE32;&#xE2D;&#xE32;&#xE27;&#xE32;&#xE2A;&#xE27;&#xE31;&#xE14;&#xE44;&#xE21;&#xE49;&#xE23;&#xE27;&#xE01; &#xE2D;&#xE14;&#xE35;&#xE15;&#xE40;&#xE08;&#xE49;&#xE32;&#xE04;&#xE13;&#xE30;&#xE15;&#xE33;&#xE1A;&#xE25;&#xE17;&#xE48;&#xE32;&#xE40;&#xE23;&#xE37;&#xE2D; &#xE2D;&#xE14;&#xE35;&#xE15;&#xE17;&#xE35;&#xE48;&#xE1B;&#xE23;&#xE36;&#xE01;&#xE29;&#xE32;&#xE40;&#xE08;&#xE49;&#xE32;&#xE04;&#xE13;&#xE30;&#xE15;&#xE33;&#xE1A;&#xE25;&#xE17;&#xE48;&#xE32;&#xE40;&#xE23;&#xE37;&#xE2D; &#xE13; &#xE40;&#xE21;&#xE23;&#xE38;&#xE0A;&#xE31;&#xE48;&#xE27;&#xE04;&#xE23;&#xE32;&#xE27; (&#xE40;&#xE21;&#xE23;&#xE38;&#xE25;&#xE2D;&#xE22;) &#xE27;&#xE31;&#xE14;&#xE44;&#xE21;&#xE49;&#xE23;&#xE27;&#xE01; &#xE15;&#xE33;&#xE1A;&#xE25;&#xE17;&#xE48;&#xE32;&#xE40;&#xE23;&#xE37;&#xE48;&#xE2D; &#xE2D;&#xE33;&#xE40;&#xE20;&#xE2D;&#xE17;&#xE48;&#xE32;&#xE40;&#xE23;&#xE37;&#xE2D; &#xE08;&#xE31;&#xE07;&#xE2B;&#xE27;&#xE31;&#xE14;&#xE1E;&#xE23;&#xE30;&#xE19;&#xE04;&#xE23;&#xE28;&#xE23;&#xE35;&#xE2D;&#xE22;&#xE38;&#xE18;&#xE22;&#xE32; &#xE27;&#xE31;&#xE19;&#xE2D;&#xE32;&#xE17;&#xE34;&#xE15;&#xE22;&#xE4C;&#xE17;&#xE35;&#xE48; 24 &#xE18;&#xE31;&#xE19;&#xE27;&#xE32;&#xE04;&#xE21; &#xE1E;&#xE38;&#xE17;&#xE18;&#xE28;&#xE31;&#xE01;&#xE23;&#xE32;&#xE0A; 2566 &#xE40;&#xE27;&#xE25;&#xE32; 16.00 &#xE19;. </subfield>
  </datafield>
  <datafield tag="260" ind1=" " ind2=" ">
    <subfield code="a">&#xE01;&#xE23;&#xE38;&#xE07;&#xE40;&#xE17;&#xE1E;&#xE2F; :</subfield>
    <subfield code="b">&#xE17;&#xE23;&#xE34;&#xE1B;&#xE40;&#xE1E;&#xE34;&#xE49;&#xE25; &#xE01;&#xE23;&#xE38;&#xE4A;&#xE1B;,</subfield>
    <subfield code="c">2566.</subfield>
  </datafield>
  <datafield tag="300" ind1=" " ind2=" ">
    <subfield code="a">72 &#xE2B;&#xE19;&#xE49;&#xE32; :</subfield>
    <subfield code="b">&#xE20;&#xE32;&#xE1E;&#xE1B;&#xE23;&#xE30;&#xE01;&#xE2D;&#xE1A; ;</subfield>
    <subfield code="c">26 &#xE0B;&#xE21;.</subfield>
  </datafield>
  <datafield tag="505" ind1="0" ind2=" ">
    <subfield code="a">&#xE2A;&#xE31;&#xE07;&#xE40;&#xE02;&#xE1B;&#xE1B;&#xE23;&#xE30;&#xE27;&#xE31;&#xE15;&#xE34;&#xE1E;&#xE23;&#xE30;&#xE04;&#xE23;&#xE39;&#xE01;&#xE31;&#xE19;&#xE15;&#xE2A;&#xE35;&#xE25;&#xE32;&#xE20;&#xE23;&#xE13;&#xE4C; --
&#xE1A;&#xE31;&#xE19;&#xE17;&#xE36;&#xE01;&#xE04;&#xE27;&#xE32;&#xE21;&#xE17;&#xE23;&#xE07;&#xE08;&#xE33;&#xE17;&#xE35;&#xE48;&#xE44;&#xE21;&#xE48;&#xE2D;&#xE32;&#xE08;&#xE25;&#xE37;&#xE21; --
&#xE1B;&#xE23;&#xE30;&#xE27;&#xE31;&#xE15;&#xE34; &#xE27;&#xE31;&#xE14;&#xE44;&#xE21;&#xE49;&#xE23;&#xE27;&#xE01; --
&#xE40;&#xE23;&#xE37;&#xE48;&#xE2D;&#xE07; &#xE14;&#xE35;-&#xE0A;&#xE31;&#xE48;&#xE27; -- 
&#xE40;&#xE23;&#xE37;&#xE48;&#xE2D;&#xE07; &#xE2B;&#xE31;&#xE27;&#xE43;&#xE08;&#xE1E;&#xE23;&#xE30;&#xE1E;&#xE38;&#xE17;&#xE18;&#xE28;&#xE32;&#xE2A;&#xE19;&#xE32; --
&#xE40;&#xE23;&#xE37;&#xE48;&#xE2D;&#xE07; &#xE04;&#xE27;&#xE32;&#xE21;&#xE2A;&#xE38;&#xE02;&#xE02;&#xE2D;&#xE07;&#xE04;&#xE24;&#xE2B;&#xE31;&#xE2A;&#xE16;&#xE4C; --
&#xE40;&#xE23;&#xE37;&#xE48;&#xE2D;&#xE07; &#xE1B;&#xE32;&#xE01; --
&#xE40;&#xE23;&#xE37;&#xE48;&#xE2D;&#xE07; &#xE04;&#xE27;&#xE32;&#xE21;&#xE1E;&#xE23;&#xE49;&#xE2D;&#xE21;&#xE40;&#xE1E;&#xE23;&#xE35;&#xE22;&#xE07;&#xE01;&#xE31;&#xE19;.</subfield>
  </datafield>
  <datafield tag="600" ind1="0" ind2="4">
    <subfield code="9">62664</subfield>
    <subfield code="a">&#xE1E;&#xE23;&#xE30;&#xE04;&#xE23;&#xE39;&#xE01;&#xE31;&#xE19;&#xE15;&#xE2A;&#xE35;&#xE25;&#xE32;&#xE20;&#xE23;&#xE13;&#xE4C; </subfield>
    <subfield code="x">&#xE0A;&#xE35;&#xE27;&#xE1B;&#xE23;&#xE30;&#xE27;&#xE31;&#xE15;&#xE34;</subfield>
  </datafield>
  <datafield tag="600" ind1="0" ind2="4">
    <subfield code="9">62666</subfield>
    <subfield code="a">&#xE2D;&#xE19;&#xE31;&#xE19;&#xE15;&#xE4C; &#xE01;&#xE19;&#xE3A;&#xE15;&#xE27;&#xE32;&#xE42;&#xE23;</subfield>
    <subfield code="x">&#xE0A;&#xE35;&#xE27;&#xE1B;&#xE23;&#xE30;&#xE27;&#xE31;&#xE15;&#xE34;</subfield>
  </datafield>
  <datafield tag="610" ind1="2" ind2="4">
    <subfield code="9">62665</subfield>
    <subfield code="a">&#xE27;&#xE31;&#xE14;&#xE44;&#xE21;&#xE49;&#xE23;&#xE27;&#xE01;</subfield>
    <subfield code="x">&#xE1B;&#xE23;&#xE30;&#xE27;&#xE31;&#xE15;&#xE34;</subfield>
  </datafield>
  <datafield tag="850" ind1=" " ind2=" ">
    <subfield code="a">NALT</subfield>
  </datafield>
  <datafield tag="942" ind1=" " ind2=" ">
    <subfield code="c">CRE</subfield>
    <subfield code="2">local</subfield>
  </datafield>
  <datafield tag="996" ind1=" " ind2=" ">
    <subfield code="a">chunbijaya.r</subfield>
    <subfield code="b">CATSTF	</subfield>
    <subfield code="c">2024-01-03</subfield>
  </datafield>
  <datafield tag="996" ind1=" " ind2=" ">
    <subfield code="a">jamriang.p</subfield>
    <subfield code="b">CATSTF	</subfield>
    <subfield code="c">2024-01-29</subfield>
  </datafield>
  <datafield tag="999" ind1=" " ind2=" ">
    <subfield code="c">104132</subfield>
    <subfield code="d">104132</subfield>
  </datafield>
  <datafield tag="998" ind1=" " ind2=" ">
    <subfield code="j">1524</subfield>
    <subfield code="k"> &#xE19;&#xE32;&#xE07;&#xE2A;&#xE32;&#xE27;&#xE28;&#xE23;&#xE31;&#xE13;&#xE22;&#xE4C;&#xE20;&#xE23;  &#xE0A;&#xE33;&#xE19;&#xE32;&#xE0D;&#xE1B;&#xE48;&#xE32;</subfield>
  </datafield>
  <datafield tag="952" ind1=" " ind2=" ">
    <subfield code="0">0</subfield>
    <subfield code="1">0</subfield>
    <subfield code="2">local</subfield>
    <subfield code="4">0</subfield>
    <subfield code="7">0</subfield>
    <subfield code="8">CCRE</subfield>
    <subfield code="a">NALT</subfield>
    <subfield code="b">NALT</subfield>
    <subfield code="c">CRE</subfield>
    <subfield code="d">2024-01-03</subfield>
    <subfield code="o">&#xE2D;&#xE28; &#xE1E;323&#xE2D; 2566</subfield>
    <subfield code="p">3961222041</subfield>
    <subfield code="r">2024-02-14 00:00:00</subfield>
    <subfield code="t">&#xE09;.1</subfield>
    <subfield code="w">2024-01-03</subfield>
    <subfield code="y">CRE</subfield>
  </datafield>
  <datafield tag="952" ind1=" " ind2=" ">
    <subfield code="0">0</subfield>
    <subfield code="1">0</subfield>
    <subfield code="2">local</subfield>
    <subfield code="4">0</subfield>
    <subfield code="7">0</subfield>
    <subfield code="8">CCRE</subfield>
    <subfield code="a">NALT</subfield>
    <subfield code="b">NALT</subfield>
    <subfield code="c">CIRC</subfield>
    <subfield code="d">2024-01-03</subfield>
    <subfield code="o">&#xE2D;&#xE28; &#xE1E;323&#xE2D; 2566</subfield>
    <subfield code="p">3961222042</subfield>
    <subfield code="r">2024-02-14 00:00:00</subfield>
    <subfield code="t">&#xE09;.2</subfield>
    <subfield code="w">2024-01-03</subfield>
    <subfield code="y">CRE</subfield>
  </datafield>
</record>
